Global gender issues / (Record no. 3157)

MARC details
000 -LEADER
fixed length control field 01207cam a2200313 a 4500
001 - CONTROL NUMBER
control field 2523809
003 - CONTROL NUMBER IDENTIFIER
control field OSt
005 - DATE AND TIME OF LATEST TRANSACTION
control field 20160302183512.0
008 - FIXED-LENGTH DATA ELEMENTS--GENERAL INFORMATION
fixed length control field 930517s1993 coua b 001 0 eng
010 ## - LIBRARY OF CONGRESS CONTROL NUMBER
LC control number 93024881
020 ## - INTERNATIONAL STANDARD BOOK NUMBER
International Standard Book Number 0813313090 (alk. paper)
020 ## - INTERNATIONAL STANDARD BOOK NUMBER
International Standard Book Number 0813313104 (pbk : alk. paper)
040 ## - CATALOGING SOURCE
Original cataloging agency DLC
Transcribing agency DLC
Modifying agency DLC
-- OCoLC
-- DLC
050 00 - LIBRARY OF CONGRESS CALL NUMBER
Classification number HQ1236
Item number .P45 1993
082 00 - DEWEY DECIMAL CLASSIFICATION NUMBER
Classification number 305.42
Edition number 20
Item number PET 1993
100 1# - MAIN ENTRY--PERSONAL NAME
Personal name Peterson, V. Spike.
9 (RLIN) 7044
245 10 - TITLE STATEMENT
Title Global gender issues /
Statement of responsibility, etc. V. Spike Peterson, Anne Sisson Runyan.
260 ## - PUBLICATION, DISTRIBUTION, ETC. (IMPRINT)
Place of publication, distribution, etc. Boulder :
Name of publisher, distributor, etc. Westview Press,
Date of publication, distribution, etc. 1993.
300 ## - PHYSICAL DESCRIPTION
Extent xiv, 202 p. :
Other physical details ill. ;
Dimensions 24 cm.
440 #0 - SERIES STATEMENT/ADDED ENTRY--TITLE
Title Dilemmas in world politics
9 (RLIN) 7058
504 ## - BIBLIOGRAPHY, ETC. NOTE
Bibliography, etc Includes bibliographical references (p. 183-188) and index.
650 #0 - SUBJECT ADDED ENTRY--TOPICAL TERM
Topical term or geographic name as entry element Women
General subdivision Political activity.
9 (RLIN) 7059
650 #0 - SUBJECT ADDED ENTRY--TOPICAL TERM
Topical term or geographic name as entry element World politics
Chronological subdivision 20th century.
9 (RLIN) 7060
700 1# - ADDED ENTRY--PERSONAL NAME
Personal name Runyan, Anne Sisson.
9 (RLIN) 7061
856 42 - ELECTRONIC LOCATION AND ACCESS
Materials specified Contributor biographical information
Uniform Resource Identifier http://www.loc.gov/catdir/enhancements/fy0833/93024881-b.html
906 ## - LOCAL DATA ELEMENT F, LDF (RLIN)
a 7
b cbc
c orignew
d 1
e ocip
f 19
g y-gencatlg
942 ## - ADDED ENTRY ELEMENTS (KOHA)
Source of classification or shelving scheme Dewey Decimal Classification
Koha item type Short Loan
Holdings
Withdrawn status Lost status Source of classification or shelving scheme Damaged status Not for loan Home library Current library Date acquired Inventory number Total Checkouts Full call number Barcode Date last seen Price effective from Koha item type
    Dewey Decimal Classification     MUST Main Library MUST Main Library 02/03/2016 2002/17200   305.42 PET 1993 2016-0327 02/03/2016 02/03/2016 Short Loan